000
00324nam a2200133 a 4500
005
20140412111415.0
008
070711s19uu xx 00 eng d
020
_a
1-59394-287-7
050
_a
ER
_b
Po75 2004
245
_a
Ponies.
260
_a
China :
_b
Bendon pub,
_c
2004.
440
_a
A moving eye book
999
_c
105817
_d
105817